000
00308nam a2200133Ia 4500
100
_a
Kazim/ Amir
650
_a
Electrical Engineering
942
_c
BK
654
_a
Electrician
245
_a
Electrician theory solved paper
260
_b
Kazim prakashan
_a
Kanpur
_c
1977
300
_a
196
546
_a
ENGLISH
999
_c
22389
_d
22389